000 00538cam a22001933a 4500
001 40597
003 PGUSA
005 20140828083915.0
008 120827s2012||||xxu|||||s|||||000 | eng d
040 _aPGUSA
_beng
042 _adc
245 1 0 _aMiniature essays :
_bIgor Stravinsky
_h[electronic resource] /
_cAnonymous
260 _bProject Gutenberg,
_c2012
506 _aPublic domain in the USA.
516 _aElectronic text
830 0 _aProject Gutenberg
_v40597
856 4 0 _uhttp://www.gutenberg.org/ebooks/40597
942 _cEB
999 _c269850
_d269850